| 000 | 00759nam a22002177a 4500 | ||
|---|---|---|---|
| 999 |
_c4699 _d4699 |
||
| 003 | AR-CdUCM | ||
| 008 | 190311b ||||| |||| 00| 0 spa d | ||
| 040 |
_aMUNICIPALIDAD PROVINCIAL DEL CUSCO _cBIBLIOTECA MUNICIPAL DEL CUSCO |
||
| 082 |
_a869.10 / _bM26 |
||
| 100 |
_aMartínez, José Luis _914592 |
||
| 245 | _aDe la naturaleza y carácter de la literatura mexicana / | ||
| 260 |
_aMéxico D. F. : _bTezontle, _c1960. |
||
| 300 |
_a56 páginas ; _c17 cm. |
||
| 500 | _aDonación familia Luis Nieto | ||
| 505 | _aContenido: Naturaleza de la literatura mexicana -- En busca del carácter de la literatura mexicana. | ||
| 650 |
_aLiteratura mexicana _92532 |
||
| 650 |
_aHistoria _9136 |
||
| 650 |
_aCrítica _9666 |
||
| 942 |
_2ddc _cLIBROS |
||
| 945 | _adavv | ||